Zwycięzcy Ligi Europy UEFA (Piłka Nożna) 1958 - 2026 - Statystyki

Ogólne statystyki
  • Ten quiz został rozwiązany 162 razy
    30 od ostatniego zresetowania
  • Średni wynik to 37 z 68
Statystyki odpowiedzi
Sezon Wygrany % Poprawnych
25/26 Aston Villa
93%
84/85 Real Madryt
89%
85/86 Real Madryt
89%
12/13 Chelsea
86%
18/19 Chelsea
86%
05/06 Sevilla
82%
06/07 Sevilla
82%
13/14 Sevilla
82%
14/15 Sevilla
82%
15/16 Sevilla
82%
22/23 Sevilla
82%
90/91 Inter
82%
93/94 Inter
82%
97/98 Inter
82%
16/17 Manchester United
82%
19/20 Sevilla
82%
72/73 Liverpool
79%
75/76 Liverpool
79%
00/01 Liverpool
79%
09/10 Atletico Madryt
75%
11/12 Atletico Madryt
75%
17/18 Atletico Madryt
75%
95/96 Bayern
71%
76/77 Juventus
71%
89/90 Juventus
71%
92/93 Juventus
71%
71/72 Tottenham
71%
83/84 Tottenham
71%
24/25 Tottenham
71%
20/21 Villareal
71%
91/92 Ajax
64%
69/70 Arsenal
64%
77/78 PSV
54%
23/24 Atalanta
50%
88/89 Napoli
50%
61/62 Valencia
50%
62/63 Valencia
50%
03/04 Valencia
50%
07/08 Zenit
50%
04/05 CSKA Moskwa
46%
73/74 Feyenoord
46%
01/02 Feyenoord
46%
02/03 Porto
46%
10/11 Porto
46%
60/61 Roma
46%
55/58 Barcelona
43%
58/60 Barcelona
43%
65/66 Barcelona
43%
08/09 Szachtar Donieck
43%
82/83 Anderlecht
39%
99/00 Galatasaray
36%
96/97 Schalke
36%
94/95 Parma
32%
98/99 Parma
32%
68/69 Newcastle
25%
81/82 Goteborg
21%
86/87 Goteborg
21%
74/75 Borussia Monchengladbach
18%
78/79 Borussia Monchengladbach
18%
66/67 Dinamo Zagrzeb
14%
79/80 Frankfurt
14%
21/22 Frankfurt
14%
67/68 Leeds United
14%
70/71 Leeds United
14%
87/88 Leverkusen
14%
80/81 Ipswich Town
11%
64/65 Ferencvaros
7%
63/64 Zaragoza
7%
Nie znaleziono quizów pasujących do podanych kryteriów
Rozkład punktacji
Procent ludzi z każdym wynikiem
Percentyl według liczby udzielonych odpowiedzi
Twoja historia wyników
Nie rozwiązałeś tego quizu od ostatniego zresetowania